00510nam a2200193 a 4500001001300000003000900013005001700022008004100039020001000080082001500090100001500105245003900120260004800159300000900207500003500216505001100251650003900262700001500301nice12345678IN_TiNIC20260116011834.0050524s1899 laha grs 000 0 49g  ac10000a225.6bULM aUlman, J F aBible Ki Naqlen Bible Ki Bolli Men aLahorebPunjab Religious Booksociety c1899 a184p aincludes index and biblioraphy2 aThesis aBible N.T. Criticism-Interpretaion1 aUlman, J F